| 000 | 00522nam a22001937a 4500 | ||
|---|---|---|---|
| 003 | OSt | ||
| 005 | 20140310182332.0 | ||
| 008 | 130924t xxu||||| |||| 00| 0 eng d | ||
| 020 | _a1845572955 | ||
| 050 |
_aPQ 2228 _b.D886 2008 |
||
| 082 |
_aGS 398.21 _bD89 2005 |
||
| 100 |
_aDumas, Alexandre _92867 |
||
| 245 |
_aThe Three musketeers / _cAlexandre Dumas. |
||
| 260 |
_aNew Delhi : _bRising Sun, _c2008. |
||
| 300 |
_a208 p. : _c22 cm. |
||
| 650 |
_aFairy tales. _93114 |
||
| 942 |
_2lcc _cBK-GS |
||
| 999 |
_c11995 _d11995 |
||